Представление документа в формате MARC21

ПолеНазваниеЗначение
  Тип записи a
  Библиографический уровень m
001 Контрольный номер RU/URAIT/493170
003 Принадлежность контрольного номера https://urait.ru/bcode/493170
005 Дата корректировки 20230117110055.0
008 Кодируемые данные
020 Индекс ISBN __
a ISBN 978-5-534-08586-0
c Цена, тираж 1359.00
040 Источник каталогиз. __
a Служба первич. каталог. ИКО Юрайт
b Код языка каталог. rus
c Служба, преобразующая запись ИКО Юрайт
041 Код языка издания 0_
a Код языка текста rus
044 Код страны публикации __
a Код страны публикации RU
073 _1
a 9785534085860
d 1359.00
080 Индекс УДК __
a Индекс УДК 621.3.08(075.32)
084 Индекс другой классификации/Индекс ББК __
a Индекс другой классификации/Индекс ББК 31.22я723
2 Источник индекса rubbk
091 Индексы/ коды __
a Индекс ББК (DOS) 31.22я723
z rubbk
100 Автор 1_
a Автор Шишмарёв В. Ю.
q Полное имя Владимир Юрьевич
230 __
a Электрон. дан.
245 Заглавие 00
a Заглавие Электрорадиоизмерения
b Продолж. заглавия учебник
c Ответственность В. Ю. Шишмарёв, В. И. Шанин.
250 Сведения об издании __
a Основные сведения об издании 3-е изд.
b Дополнительные сведения об издании испр. и доп
260 Выходные данные 1_
a Место издания Москва
b Издательство Юрайт
c Дата издания 2022
300 Физическое описание __
a Объем 345 с
440 Серия _0
a Серия Профессиональное образование
500 Примечания __
a Примечание URL: https://urait.ru/bcode/493170 (дата обращения: 29.08.2022).
520 Аннотация __
a Аннотация В учебнике описаны основные методы и средства измерений, метрологические показатели, приборы измерений метрологических величин. Рассматриваются преобразователи электрических величин с различными видами механизмов. Отдельный раздел посвящен характеристике радиотехнических измерений. Приложение включает условные обозначения на шкалах измерительных приборов. В третьем издании актуализирована нормативная база, обновлены устаревшие ГОСТы.
538 Прим. о системных особенностях __
a Прим. о системных особенностях Режим доступа: Электронно-библиотечная система Юрайт, для авториз. пользователей
653 Ключевые слова 2_
a Ключевые слова Метрология, стандартизация и сертификация
653 Ключевые слова 2_
a Ключевые слова Прикладные науки. Техника.
653 Ключевые слова 2_
a Ключевые слова Общая электротехника и электроника
653 Ключевые слова 2_
a Ключевые слова Электротехника и электроника
653 Ключевые слова 2_
a Ключевые слова Основы электротехники и электроники
653 Ключевые слова 2_
a Ключевые слова Основы электрорадиоизмерений
653 Ключевые слова 2_
a Ключевые слова Электротехника и электронная техника
653 Ключевые слова 2_
a Ключевые слова Электроника и электротехника
653 Ключевые слова 2_
a Ключевые слова Электрорадиоизмерения
653 Ключевые слова 2_
a Ключевые слова Электрорадиоизмерения и метрология
653 Ключевые слова 2_
a Ключевые слова Метрология и электрорадиоизмерения
653 Ключевые слова 2_
a Ключевые слова Монтаж, эксплуатация, профилактическое обслуживание и ремонт антенно-мачтовых сооружений и антенно-фидерных систем радиосвязи
653 Ключевые слова 2_
a Ключевые слова Основы электроники и электротехники
700 Другие авторы 1_
a Другие авторы Шанин В. И.
q Полное имя Владимир Иванович
856 Электронный адрес документа 40
n Местонахождение сервера Юрайт
g Электронная книга
q Тип электронного формата html
h Имя пользователя ЮРАЙТ
v Часы доступа к ресурсу 20231231
2 Способ доступа Показать документ
x Служебное примечание https://urait.ru/book/cover/055F2D33-90CE-429E-B8F7-23345466D4AE
u URL https://urait.ru/read/493170
856 Электронный адрес документа 41
q Тип электронного формата cover
u URL https://urait.ru/book/cover/055F2D33-90CE-429E-B8F7-23345466D4AE
952 Тип литературы __
c Вид литературы учебник